[Event "16th IRI-chT Super League 2017"]
[Site "Sari"]
[Date "2017.10.20"]
[Round "11"]
[White "Idani, Pouya"]
[Black "Mousavi, Seyed Khalil"]
[Result "1/2-1/2"]
[WhiteElo "2572"]
[BlackElo "2456"]
[Annotator "TA"]
[PlyCount "72"]
[EventDate "2017.??.??"]
[EventType "team-tourn"]
[EventCountry "IRI"]
[SourceTitle "playchess.com"]
[Source "ChessBase"]
[SourceQuality "1"]

{[%evp 18,72,31,35,30,22,26,10,25,21,53,49,62,27,37,21,38,30,30,27,22,25,104,81,85,37,43,-27,-18,-19,-17,-22,4,-52,6,0,50,38,83,81,102,106,143,145,291,247,270,116,113,-6,-8,-5,-5,-7,0,-4,0]} 1. d4 Nf6 2. Nf3 g6 3. g3 Bg7 4. Bg2 O-O 5. c4 d5 6. O-O dxc4 7. Na3 c3 8. bxc3 c5 9. e3 Nc6 10. Bb2 Bg4 {D77: Fianchetto Grünfeld: 6 0-0: Replies other than 6...c6} (10... Bf5 11. Nd2 Bg4 12. f3 Be6 13. Nb3 cxd4 14. cxd4 Nd5 15. Qd2 Ndb4 16. Nc5 Bc8 17. Rfd1 b6 18. Nb3 e6 {0-1 (62) Banusz,T (2611)-Van Wely,L (2646) Linares 2017}) 11. h3 Bf5 12. Nd2 Bd3 $146 ({Predecessor:} 12... cxd4 13. cxd4 Be6 14. Qe2 Rc8 15. Rfd1 Nd5 16. Nb3 f5 17. Nc5 Bf7 18. Nxb7 {1-0 (59) Maiorov,N (2522)-Kantans,T (2437) Hofheim 2014}) 13. Re1 e5 14. dxe5 Nxe5 15. c4 (15. f4 $5 {[%cal Rf4e5]}) 15... Re8 16. e4 {[%cal Be3e4,Be4e5][%mdl 32]} Nc6 17. e5 Nd7 {[%cal Rd7e5]} 18. f4 Nb6 19. Re3 Nb4 (19... Re7 $11 {keeps the balance.}) 20. Bxb7 $16 Rb8 21. Bg2 f6 22. Bc3 ({White should play} 22. Qe1 $14) 22... fxe5 $11 23. fxe5 Qg5 24. Qe1 $1 Rbd8 25. Rd1 (25. Ne4 $11 Bxe4 26. h4 (26. Bxe4 Bxe5 27. Kh2 Bxc3 $17) (26. Rxe4 Nd3 $15) 26... Qxe3+ 27. Qxe3 Bxg2 28. Kxg2) 25... Bc2 (25... Bh6 $15 26. Rf3 Na4) 26. Ne4 Bxe4 (26... Qxe3+ $5 27. Qxe3 Rxd1+ 28. Kh2 Bxe4 29. Qxe4 Nxa2 $11) 27. Rxd8 Rxd8 28. Rxe4 Nxa2 29. h4 Qh6 30. Ba5 Nb4 (30... Qc1 $16 {was necessary.} 31. Qxc1 Nxc1) 31. e6 Nd3 32. e7 (32. Qf1 $18 {Intending Qf7+ and mate.} Qc1 33. Nb5 Qxf1+ 34. Bxf1) 32... Re8 $16 33. Qd1 (33. Qb1 $16 Bd4+ 34. Kf1) 33... Bd4+ $1 $11 {The position is equal.} 34. Rxd4 $1 Qe3+ 35. Kh2 Nf2 36. Nc2 Qxd4 {Precision: White = 41%, Black = 32%.} 1/2-1/2

[Event "16th IRI-chT Super League 2017"]
[Site "Sari"]
[Date "2017.10.20"]
[Round "11"]
[White "Lorparizangeneh, Shahin"]
[Black "Roohbakhsh Fekri, Mehdi"]
[Result "1-0"]
[WhiteElo "2486"]
[BlackElo "1865"]
[Annotator "TA"]
[PlyCount "45"]
[EventDate "2017.??.??"]
[EventType "team-tourn"]
[EventCountry "IRI"]
[SourceTitle "playchess.com"]
[Source "ChessBase"]
[SourceQuality "1"]

{[%evp 24,45,26,40,69,28,53,41,91,69,146,143,127,122,125,127,264,261,256,266,277,248,856,881]} 1. Nf3 d5 2. g3 g6 3. Bg2 Bg7 4. d4 Nf6 5. c4 c6 6. O-O O-O 7. b3 c5 8. Bb2 dxc4 9. bxc4 cxd4 10. Nxd4 Qb6 11. Qc1 Nc6 {A49: 1 d4 Nf6 2 Nf3 g6 3 g3: Anti-King's Indian systems} 12. Nxc6 bxc6 13. Nd2 {[#] LiveBook: 6 Games} Ba6 $146 {White is slightly better.} ({Predecessor:} 13... Bf5 14. Nb3 Rfd8 15. Be5 a5 16. c5 Qa6 17. Qb2 Qb7 18. Qa3 Be4 19. Rfd1 Rxd1+ 20. Rxd1 Bxg2 21. Kxg2 {½-½ (30) Harikrishna,P (2758)-Svidler,P (2741) Shenzhen 2017}) 14. Qc2 Rfd8 15. Bc3 Qc5 16. Rac1 Rab8 {[#]} (16... Ne8 $14) 17. Qa4 $1 $16 {[%cal Ra4a6]} Bb7 18. h3 a6 19. Nb3 Qh5 {[#]} (19... Qa7 $16) 20. g4 $1 $18 {[%cal Rg4h5]} Qh6 21. Qa5 Ne8 22. Bd2 Qh4 $2 (22... g5 23. Bxg5 Qd6) 23. Bg5 {Precision: White = 89%, Black = 12%.} 1-0

[Event "16th IRI-chT Super League 2017"]
[Site "Sari"]
[Date "2017.10.20"]
[Round "11"]
[White "Darini, Pouria"]
[Black "Faghirnavaz, Ali"]
[Result "1-0"]
[WhiteElo "2481"]
[BlackElo "2245"]
[Annotator "TA"]
[PlyCount "59"]
[EventDate "2017.??.??"]
[EventType "team-tourn"]
[EventCountry "IRI"]
[SourceTitle "playchess.com"]
[Source "ChessBase"]
[SourceQuality "1"]

{[%evp 17,59,-14,8,30,68,60,56,53,244,75,72,72,68,3,193,185,144,103,260,252,251,239,227,227,457,454,614,560,525,379,395,384,388,377,664,639,813,447,448,411,1328,1318,1217,1256]} 1. e4 c6 2. d4 d5 3. e5 Bf5 4. Nc3 e6 5. g4 Bg6 6. Nge2 c5 7. h4 h5 8. Nf4 Bh7 9. g5 {B12: Caro-Kann: Advance Variation} Nc6 {LiveBook: 3 Games} (9... Bf5 10. Nxh5 cxd4 11. Nb5 d3 12. c3 Nc6 13. Ng3 Be4 14. Nxe4 dxe4 15. Qa4 Qd7 16. Qxe4 O-O-O {½-½ (38) Idani,P (2569)-Lupulescu,C (2637) Abu Dhabi 2017}) 10. Qxh5 {[#] Black must now prevent Nxe6.} g6 11. Qd1 {White is slightly better.} cxd4 12. Nb5 Qb6 $2 (12... a6 $14 13. Nxd4 Nxd4 14. Qxd4 Ne7) 13. a4 $146 (13. h5 $18 {is the precise move to win. aiming for hxg6.} gxh5 14. Qxh5) ({Predecessor:} 13. h5 Bb4+ 14. c3 dxc3 15. bxc3 Bc5 16. hxg6 Bxf2+ {1-0 (24) Baroin,B (1970)-Jordaan,W (1834) LSS email 2008}) 13... a6 $16 14. a5 $1 {[%cal Ra5b6]} Nxa5 15. Nxd4 (15. Qxd4 $14 Bc5 16. Nd6+ Qxd6 17. Rxa5 (17. exd6 Bxd4 18. Rxa5 Be5 $11) 17... Bxd4 18. exd6) 15... Nc4 $2 (15... Bc5 $1 $11 16. Nfe2 Nc6) 16. c3 O-O-O 17. Nd3 Bc5 $2 (17... Ne7 $16 {is a better defense.}) 18. Nxc5 $18 Qxc5 19. f4 Ne7 20. Rh3 Bg8 $2 (20... Qc7 {might work better.} 21. Qa4 Rhg8) 21. b3 Nb6 22. Ba3 Qc7 23. Bb4 Nc6 24. Nxc6 Qxc6 25. Qd4 Na8 $2 (25... Bh7 26. Ba5 Nd7) 26. Ra5 {[#] Rc5 is the strong threat.} Kb8 27. Be7 Bh7 28. b4 Qc7 (28... Rd7 $142) 29. Bd6 Rxd6 30. exd6 {Precision: White = 55%, Black = 21%.} 1-0

[Event "16th IRI-chT Super League 2017"]
[Site "Sari"]
[Date "2017.10.20"]
[Round "11"]
[White "Asgarizadeh, Ahmad"]
[Black "Mojaverian, Hossein"]
[Result "1/2-1/2"]
[WhiteElo "2415"]
[BlackElo "2110"]
[Annotator "TA"]
[PlyCount "111"]
[EventDate "2017.??.??"]
[EventType "team-tourn"]
[EventCountry "IRI"]
[SourceTitle "playchess.com"]
[Source "ChessBase"]
[SourceQuality "1"]

{[%evp 28,111,39,38,37,39,37,41,31,28,38,35,44,0,0,0,0,0,0,-12,0,-21,-10,-39,-38,-40,-43,-44,-36,-44,-35,-44,-16,-43,-38,-50,-47,-57,-58,-51,-47,-50,-29,-29,0,0,0,0,0,0,0,-10,0,-44,0,0,0,0,0,0,0,0,0,0,0,0,0,0,0,0,0,0,0,0,0,0,0,0,0,0,0,0,0,0,0,0]} 1. e4 c5 2. Nf3 e6 3. d4 cxd4 4. Nxd4 Nc6 5. Nc3 Qc7 6. Be3 a6 7. Be2 Nf6 8. O-O Bb4 9. Na4 Be7 10. Nxc6 bxc6 11. Nb6 Rb8 12. Nxc8 Qxc8 13. Bd4 c5 14. Be5 Rb6 15. Qd3 d6 {B49: Sicilian: Taimanov: 5 Nc3 Qc7 6 Be3 a6 7 Be2} 16. Bc3 O-O 17. b3 Qc6 {White is slightly better.} 18. Bf3 Nd7 19. Qe3 c4 20. Be2 Bf6 21. Bxf6 Nxf6 {[%cal Bd7f6,Bf6e4,Be4c3][%mdl 32] [#]} 22. Bxc4 $146 Nxe4 23. Bd3 Nc3 24. a3 a5 25. Kh1 Nd5 26. Qh3 {[%csl Gd3][%cal Rh3h7] [#]} Nf6 27. Rae1 Qc5 28. a4 h6 29. f4 Re8 30. Re2 Rb4 31. Bb5 Rd8 32. c4 d5 33. Rd1 $1 Qc7 34. Qe3 $1 Ng4 35. Qg3 dxc4 (35... h5 {is interesting.} 36. h3 Nf6 37. Re5 g6 38. Qe3 Rc8) 36. Rxd8+ $1 Qxd8 37. Bxc4 Rb6 38. h3 Nf6 39. Qf3 Rd6 40. Re1 Rd2 41. f5 {The position is equal.} exf5 42. Qxf5 Rd1 43. Qf1 Rxe1 44. Qxe1 Qc7 45. Qe3 Qd6 46. Bd3 g6 47. Bc4 Kg7 48. Qf3 Qe5 49. Qb7 Qe1+ 50. Kh2 Qe5+ 51. g3 Qb2+ 52. Qg2 Qe5 53. Qb7 Qb2+ 54. Qg2 Qe5 55. Qb7 Qb2+ 56. Qg2 {Precision: White = 65%, Black = 57%.} 1/2-1/2

[Event "16th IRI-chT Super League 2017"]
[Site "Sari"]
[Date "2017.10.20"]
[Round "11"]
[White "Tahbaz, Arash"]
[Black "Firouzja, Alireza"]
[Result "1/2-1/2"]
[WhiteElo "2398"]
[BlackElo "2525"]
[Annotator "TA"]
[PlyCount "65"]
[EventDate "2017.??.??"]
[EventType "team-tourn"]
[EventCountry "IRI"]
[SourceTitle "playchess.com"]
[Source "ChessBase"]
[SourceQuality "1"]

{[%evp 11,65,45,69,27,34,15,56,43,19,32,79,90,94,0,2,0,0,-1,0,0,0,-2,0,-59,-55,-59,-60,-60,-26,-26,-26,-20,-25,-24,-20,-23,-16,-35,0,0,0,-10,-10,-10,-10,-4,-7,-19,0,0,0,0,0,0,22,21]} 1. c4 g6 2. Nc3 Bg7 3. d4 {[%cal Bd2d4,Bd4c5][%mdl 32]} Nf6 4. e4 d6 5. Be2 O-O 6. Be3 c5 7. dxc5 {E73: King's Indian: Averbakh Variation without 6...c5} Qa5 8. f3 Rd8 $146 ({Predecessor:} 8... dxc5 9. e5 Rd8 10. Qa4 Qxa4 11. Nxa4 Nfd7 12. f4 Nc6 13. Nf3 b6 14. O-O Bb7 {1-0 (49) Riazantsev,A (2671)-Saric,I (2652) Tallinn 2016}) 9. Qa4 {White is slightly better.} Qxa4 10. Nxa4 Bd7 11. Nc3 dxc5 12. e5 ({Better is} 12. Bxc5 $16 Nc6 13. O-O-O) 12... Ne8 $1 $11 13. f4 b6 14. O-O-O {[#] Strongly threatening Bf3.} Nc6 15. Bf3 {And now Rxd7! would win.} Rac8 16. Nge2 {[%cal Bg1e2,Be2c3,Bc3b5][%mdl 32]} Bh6 17. Bxc6 (17. Rd3 $11) 17... Bxc6 $15 18. Nd5 Kf8 19. Rhg1 f6 20. Nec3 Bg7 21. g3 e6 22. exf6 Nxf6 23. Nxf6 Bxf6 24. Rxd8+ Bxd8 25. Nb5 {The position is equal.} Ra8 26. Rd1 a6 27. Nc3 Be7 28. Re1 Kf7 29. Kc2 Bf6 30. Bd2 Rd8 31. b3 h6 32. Ne4 Be7 33. Nf2 {Precision: White = 67%, Black = 58%.} 1/2-1/2

[Event "16th IRI-chT Super League 2017"]
[Site "Sari"]
[Date "2017.10.20"]
[Round "11"]
[White "Soozankar, A M"]
[Black "Gholami, Aryan"]
[Result "1/2-1/2"]
[WhiteElo "2340"]
[BlackElo "2482"]
[Annotator "TA"]
[PlyCount "58"]
[EventDate "2017.??.??"]
[EventType "team-tourn"]
[EventCountry "IRI"]
[SourceTitle "playchess.com"]
[Source "ChessBase"]
[SourceQuality "1"]

{[%evp 18,58,38,46,50,47,37,23,23,23,23,23,23,25,31,35,39,33,41,35,39,29,38,30,34,43,31,27,64,10,10,10,10,10,10,8,4,12,12,0,0,0,0]} 1. e4 c5 2. Nf3 e6 3. d4 cxd4 4. Nxd4 a6 5. Nc3 Qc7 6. g3 Bb4 7. Nde2 Nf6 8. Bg2 Nc6 9. O-O O-O 10. Bf4 {LiveBook: 4 Games. B43: Sicilian: Kan Variation: 5 Nc3} (10. h3 Rd8 11. a3 Be7 12. f4 d5 13. e5 Ne4 14. Nxe4 dxe4 15. Qe1 Bc5+ 16. Kh2 e3 17. Nc3 Nd4 {1-0 (28) Movsesian,S (2651)-Djuric,S (2490) Panormo 2002}) 10... Qa5 11. a3 Be7 12. Bd6 {White is slightly better.} Bxd6 13. Qxd6 Rd8 14. b4 Qe5 15. Rfd1 $146 ({Predecessor:} 15. Rad1 Qxd6 16. Rxd6 Ne5 17. Rfd1 {1-0 (17) Kis Kos,L-Hochet,M LSS email 2007}) 15... Qxd6 16. Rxd6 Ne8 17. Rd2 d6 18. f4 Bd7 19. Na4 b5 20. Nb6 Rab8 21. Nxd7 Rxd7 22. c4 Rc7 23. e5 (23. cxb5 $14 Rxb5 24. Rc1) 23... dxe5 $11 {The position is equal.} 24. cxb5 axb5 25. Rc1 Rbc8 26. Rxc6 Rxc6 27. Bxc6 Rxc6 28. Rd8 {[%cal Rd8e8] [#]} Kf8 29. fxe5 Ke7 {Precision: White = 60%, Black = 81%.} 1/2-1/2

[Event "16th IRI-chT Super League 2017"]
[Site "Sari"]
[Date "2017.10.20"]
[Round "11"]
[White "Hejazipour, Mitra"]
[Black "Behzad Nazif, Parva"]
[Result "1-0"]
[WhiteElo "2327"]
[BlackElo "1957"]
[Annotator "TA"]
[PlyCount "73"]
[EventDate "2017.??.??"]
[EventType "team-tourn"]
[EventCountry "IRI"]
[SourceTitle "playchess.com"]
[Source "ChessBase"]
[SourceQuality "1"]

{[%evp 14,73,68,67,66,53,70,67,70,66,63,61,58,46,66,71,79,68,105,79,113,89,119,97,113,83,115,116,118,116,133,137,145,135,139,121,170,121,135,135,133,98,109,101,137,139,165,141,192,191,198,188,212,192,277,268,501,500,530,522,520,521]} 1. d4 Nf6 2. c4 g6 3. Nc3 Bg7 4. e4 d6 5. Be2 O-O 6. Be3 e5 7. d5 a5 8. g4 {[%cal Bg2g4,Bg4g5][%mdl 32]} Na6 {E73: King's Indian: Averbakh Variation without 6...c5} 9. h4 (9. g5 Ne8 10. h4 Nc5 11. h5 Bd7 12. Nf3 c6 13. Nd2 a4 14. b4 axb3 15. axb3 Rxa1 16. Qxa1 {1-0 (41) Sokolov,I (2623)-Van Foreest,J (2615) Hoogeveen 2016}) 9... Nc5 10. f3 ({Much worse is} 10. Bxc5 $6 dxc5 11. h5 Bd7 $11) 10... h5 {White is slightly better.} 11. g5 Ne8 12. Nh3 Bd7 13. Nf2 $146 ({Predecessor:} 13. Qd2 a4 14. O-O-O a3 15. b3 Na6 16. Kb1 {1-0 (46) Debashis,D (2472)-Sai,K (2339) chess.com INT 2017}) 13... b6 14. Qd2 Rb8 15. Nb5 Ra8 16. O-O-O Qe7 17. Kb1 Kh8 18. Qc2 Kg8 19. Rhg1 Kh8 20. Rd2 Kg8 21. Nd1 Kh8 22. Ndc3 Kg8 23. Rdd1 Kh8 24. Bf1 Kg8 25. b3 Kh8 26. Be2 Kg8 27. a3 {[%cal Ba2a3,Ba3b4][%mdl 32]} Kh8 28. b4 axb4 29. axb4 Nb7 30. Kb2 Qd8 (30... Bxb5 $16 31. Nxb5 Qd8) 31. Ra1 $18 Rb8 32. Ra6 Bxb5 33. Nxb5 {[%cal Bc3b5,Bb5a7,Ba7c6][%mdl 32]} Kg8 (33... Qd7 $142 34. Bd3 Nd8) 34. Rg3 Bh8 $2 (34... Qe7 35. Ra1 Kh7) 35. Na7 {[#] aiming for Nc6.White is clearly winning.} Qd7 36. Nc6 Rc8 37. Bf1 {Precision: White = 67%, Black = 34%.} 1-0

[Event "16th IRI-chT Super League 2017"]
[Site "Sari"]
[Date "2017.10.20"]
[Round "11"]
[White "Khatibi, Meysam"]
[Black "Golizadeh, Asghar"]
[Result "0-1"]
[WhiteElo "2243"]
[BlackElo "2466"]
[Annotator "TA"]
[PlyCount "32"]
[EventDate "2017.??.??"]
[EventType "team-tourn"]
[EventCountry "IRI"]
[SourceTitle "playchess.com"]
[Source "ChessBase"]
[SourceQuality "1"]

{[%evp 18,19,0,-14]} 1. e4 {[%cal Be2e4,Be4e5][%mdl 32]} c5 2. Nf3 e6 3. c3 Nf6 4. e5 Nd5 5. Bc4 Nc6 6. O-O {B22: Sicilian: 2 c3} (6. d4 cxd4 7. cxd4 d6 8. O-O Be7 9. a3 O-O 10. Bd3 Bd7 11. Qc2 g6 12. Bh6 Re8 13. Nbd2 Rc8 14. Qd1 dxe5 15. dxe5 Qc7 16. Qe1 Red8 17. Qe4 b5 {½-½ (70) Wang,H (2734)-Yu,Y (2734) Danzhou 2016}) 6... d6 7. exd6 Bxd6 8. d4 cxd4 9. cxd4 O-O 10. Nc3 {[%mdl 32768] LiveBook: 35 Games. Loss on Time!?} {Predecessor:} Nce7 $146 11. Bg5 Nxc3 12. bxc3 b6 13. Bd3 Bb7 14. c4 Qc7 15. h3 Bf4 16. Bxe7 Qxe7 {0-1 (35) Vajda,L (2564)-Rogozenco,D (2509) Calimanesti 2014} 0-1

[Event "16th IRI-chT Super League 2017"]
[Site "Sari"]
[Date "2017.10.20"]
[Round "11"]
[White "Zahedifar, Anahita"]
[Black "Lotfi, Aylar"]
[Result "1/2-1/2"]
[WhiteElo "2063"]
[BlackElo "1879"]
[Annotator "NA RC"]
[PlyCount "98"]
[EventDate "2017.??.??"]
[EventType "team-tourn"]
[EventCountry "IRI"]
[SourceTitle "playchess.com"]
[Source "ChessBase"]
[SourceQuality "1"]
[TimeControl "5400+30"]

{[%evp 10,98,8,1,14,3,12,6,0,3,23,-69,-22,-42,-37,-35,-34,-34,-41,-30,-39,-43,-48,-48,-37,-42,-44,-67,-9,-21,-12,-43,-26,-45,-20,-29,-19,-33,-39,-42,0,-8,21,23,30,32,26,25,53,0,0,-16,0,32767,32767,32767,32767,32767,32767,32767,32767,-39,32767,32767,32767,32767,32767,-28,-35,-29,-36,-40,-28,-33,0,-37,0,-35,0,-33,0,-49,0,-54,0,-45,0,-36,0,-35,1767]} 1. d4 {[%emt 0:00:00]} d6 {[%emt 0:00:19]} 2. c4 {[%emt 0:00:00]} e5 {[%emt 0:00:15]} 3. Nf3 {[%emt 0:00:00]} e4 {[%emt 0:04:01]} 4. Ng1 {[%emt 0:00:49]} f5 {[%emt 0:01:25]} 5. Nh3 {[%emt 0:02:20]} Nf6 {[%emt 0:06:06]} 6. Nc3 {[%emt 0:04:06]} Be7 {[%emt 0:04:35]} 7. e3 {[%emt 0:01:56]} c6 {[%emt 0:05:18]} 8. Nf4 {[%emt 0:01:49] A21: English Opening: 1...e5 2 Nc3} O-O {[%emt 0:01:33]} 9. h4 {[%emt 0:02:51]} Na6 {[%emt 0:03:29] LiveBook: 39 Games} 10. c5 {[%emt 0:08:37]} ({Better is} 10. h5 $11) (10. Be2 Nc7 11. Bd2 Ne6 12. d5 Nxf4 13. exf4 cxd5 14. cxd5 Bd7 15. Be3 b5 16. a3 a6 17. O-O Be8 18. Rc1 Bf7 {0-1 (32) Grigoriants,S (2563)-Bortnyk,O (2581) Tallinn 2016}) 10... d5 $146 {[%emt 0:24:53]} ({Predecessor:} 10... dxc5 11. Bc4+ Kh8 12. h5 b5 13. Ng6+ {1-0 (13) Camarena Gimenez,R (2160)-Gomez Cabrero,L Burjasot 1997}) 11. h5 {[%emt 0:07:53]} Nc7 {[%emt 0:26:38]} 12. b4 {[%emt 0:06:08]} Ne6 {[%emt 0:00:57]} 13. Nce2 {[%emt 0:01:55]} a5 {[%emt 0:04:08]} 14. bxa5 {[%emt 0:04:45]} Qxa5+ {[%emt 0:04:06]} 15. Bd2 {[%emt 0:00:26]} Qa3 {[%emt 0:04:37]} 16. Qb1 {[%emt 0:03:20]} Ng5 {[%emt 0:05:15]} 17. Bb4 {[%emt 0:01:23]} Qa7 {[%emt 0:00:53]} 18. a4 {[%emt 0:00:40]} Re8 {[%emt 0:03:22]} 19. a5 {[%emt 0:03:41]} Qb8 {[%emt 0:01:16]} 20. Nc3 {[%emt 0:04:09]} Ne6 {[%emt 0:03:33]} 21. g3 {[%emt 0:04:15]} Ng5 {[%emt 0:02:23]} 22. Be2 {[%emt 0:00:44]} Bd8 {[%emt 0:02:03]} 23. Qd1 {[%emt 0:04:11]} Bc7 {[%emt 0:00:46]} 24. Qa4 {[%emt 0:04:14]} Bxf4 {[%emt 0:01:43]} 25. gxf4 {[%emt 0:00:21]} Nf3+ {[%emt 0:00:28]} 26. Bxf3 $1 {[%emt 0:01:55]} exf3 {[%emt 0:00:00]} 27. O-O-O {[%emt 0:00:47]} Be6 {[%emt 0:00:51]} 28. Qc2 {[%emt 0:02:23]} Qc7 {[%emt 0:01:54]} 29. Rdg1 {[%emt 0:01:54]} Ne4 {[%emt 0:01:15]} 30. Nxe4 {[%emt 0:03:17]} dxe4 {[%emt 0:03:14]} 31. Bc3 {[%emt 0:06:39]} Bd5 {[%emt 0:00:41]} 32. Qb2 {[%emt 0:00:15]} Re7 {[%emt 0:04:52]} 33. Qb4 {[%emt 0:01:39]} Qd7 {[%emt 0:00:52]} 34. Kd2 {[%emt 0:03:12]} Qe8 {[%emt 0:01:03]} 35. h6 {[%emt 0:03:46]} g6 {[%emt 0:00:49]} 36. Rb1 {[%emt 0:00:08]} Qc8 {[%emt 0:01:42]} 37. Rb2 {[%emt 0:00:21]} Qf8 {[%emt 0:00:27]} 38. Qa4 {[%emt 0:00:40]} Ra7 {[%emt 0:00:44]} 39. Rb6 {[%emt 0:00:48]} Rd7 {[%emt 0:00:50]} 40. Kc2 {[%emt 0:01:47]} Qe7 {[%emt 0:01:18]} 41. Rbb1 {[%emt 0:03:18]} Qf8 {[%emt 0:00:10]} 42. Rb6 {[%emt 0:01:12]} Qe7 {[%emt 0:00:08]} 43. Qb4 {[%emt 0:00:33]} Qf8 {[%emt 0:00:38]} 44. Qa4 {[%emt 0:02:55]} Qe7 {[%emt 0:00:26]} 45. Qa1 {[%emt 0:01:48]} Qf8 {[%emt 0:00:19]} 46. Qb2 {[%emt 0:01:34]} Qe7 {[%emt 0:00:14]} 47. Qb4 {[%emt 0:01:03]} Qf8 {[%emt 0:00:10]} 48. Bd2 {[%emt 0:00:32]} Qe7 {[%emt 0:01:50]} 49. Qb2 {[%emt 0:00:30]} Qh4 $18 (49... Kf7 $15) 1/2-1/2

[Event "16th IRI-chT Super League 2017"]
[Site "Sari"]
[Date "2017.10.20"]
[Round "11"]
[White "Shiri, Alireza"]
[Black "Hosseinzadeh, Nima"]
[Result "0-1"]
[WhiteElo "1779"]
[BlackElo "2307"]
[Annotator "TA"]
[PlyCount "88"]
[EventDate "2017.??.??"]
[EventType "team-tourn"]
[EventCountry "IRI"]
[SourceTitle "playchess.com"]
[Source "ChessBase"]
[SourceQuality "1"]

{[%evp 21,88,-7,0,-14,-32,-90,-83,-79,-85,-99,-75,-73,-21,-16,8,-39,-13,-37,-39,-52,-39,-34,-28,-17,-18,-88,-6,-3,0,0,-7,-36,-15,-12,4,3,60,46,31,0,0,-16,-16,-93,-93,-91,-52,-86,-28,-170,-147,-152,-131,-382,-384,-373,-390,-421,-406,-1344,-1268,-1218,-1281,-1264,-1232,-1225,-160,-1972,-1937]} 1. e4 c5 2. Nf3 d6 3. d4 cxd4 4. Nxd4 Nf6 5. Nc3 a6 6. Be2 e6 7. O-O Be7 8. a4 Qc7 9. Be3 b6 10. Qd2 {B84: Sicilian Scheveningen: 6 Be2 a6, lines without early Be3} (10. f4 Bb7 11. Bf3 Nbd7 12. f5 e5 13. Nb3 O-O 14. Qe2 Rfc8 15. Nd2 h6 16. g3 Bc6 17. Rfc1 Qb7 18. Qg2 b5 19. a5 Qc7 {½-½ (54) Swiercz,D (2645)-Shankland,S (2666) Saint Louis 2017}) 10... Bb7 11. f3 Nbd7 {LiveBook: 4 Games} 12. Rfc1 {The position is equal.} O-O 13. Nd1 $146 (13. Bf2 $1 $15) ({Predecessor:} 13. Bd3 Ne5 14. Nce2 d5 15. Ng3 dxe4 16. Nxe4 Nxe4 17. Bxe4 Bxe4 18. fxe4 Ng4 19. Bf4 e5 20. Bg3 Qc5 {0-1 (20) Algars,O (2092)-Ernst,T (2441) Stockholm 2006}) 13... d5 $17 14. exd5 Nxd5 15. Bf2 Bd6 16. g3 N5f6 (16... Rac8 $17) 17. c4 $11 g6 18. Ne3 Rfd8 19. b4 Bf8 20. Qe1 Ne5 21. Ng2 Nc6 22. Nxc6 Bxc6 23. c5 (23. b5 $11 Bb7 24. a5) 23... b5 (23... bxc5 $17 24. Bxc5 Bg7) 24. axb5 axb5 25. Rxa8 Rxa8 26. Ra1 Rd8 27. Rd1 Nd5 28. Ne3 Qb7 ({Better is} 28... Nf6 $11) 29. Nxd5 Bxd5 30. Kg2 Bg7 31. Be3 Ra8 32. Qf1 (32. Qd2 $11) 32... Ra3 33. Rd3 Ra4 34. Bd2 h5 ({Black should play} 34... Qc8 $17) 35. Qc1 {[#]} (35. Qf2 $11 {and White stays safe.}) 35... Ra1 $1 $19 {[%cal Ra1c1]} 36. Qc2 {[#]} e5 $1 {[%cal Re5e4] White must now prevent ...e4.} 37. Kf2 $2 {[%mdl 8192]} (37. c6 $17 Bxc6 38. Rd6) 37... e4 38. fxe4 Bxe4 39. Rd8+ Kh7 40. Bd3 (40. Qb3 $142 Rh1 41. Qe3) 40... Bxd3 41. Qxd3 Qh1 42. Qe2 Qg1+ 43. Kf3 f5 $2 (43... Rf1+ $19 {and Black stays clearly on top.} 44. Ke4 Rf2 45. Qxf2 Qxf2) 44. Rd7 $2 (44. Kf4 $17 Bh6+ 45. Ke5 Bg7+ 46. Kf4 Bh6+ 47. Ke5) 44... Rf1+ {Precision: White = 33%, Black = 43%.} 0-1